Guess the Sabrina Carpenter song #7 - Statistics

General Stats
  • This quiz has been taken 268 times
  • The average score is 152 of 272
Answer Stats
% Correct
I
98%
a
96%
you
94%
The
89%
the
89%
me
82%
And
81%
and
81%
your
80%
Your
80%
to
76%
on
75%
it
74%
it,
74%
my
73%
you're
72%
like
71%
She
70%
she
70%
then
70%
What
69%
what
69%
in
68%
her
66%
Oh,
65%
Oh
65%
all
64%
have
64%
This
63%
but
61%
just
61%
coincidence
60%
coincidence,
60%
(Coincidence)
60%
for
60%
of
60%
L.A.
59%
is
57%
Now
57%
from
56%
up
56%
knew,
55%
girl
54%
by
53%
way
53%
Last
52%
night
51%
said
51%
said)
51%
she's
51%
car
50%
drove
50%
got
50%
looks
50%
damn
49%
Damn
49%
didn't
49%
head
49%
phone
49%
put
49%
real
49%
sense
49%
sense)
49%
died
48%
itself
48%
life
48%
na
48%
na,
48%
Na
48%
second
48%
thighs
48%
any
47%
common
47%
friends
47%
lost
47%
nice,
47%
once,
47%
side?
47%
some
47%
surprise,
47%
that's
47%
(That's
47%
who's
47%
again
46%
chest
46%
same
46%
you've
46%
(You've
46%
back
45%
broke
45%
city
44%
comes
44%
kinda
44%
mouth
44%
outgrew
44%
sixth
44%
week,
44%
even
43%
here,
43%
less
43%
name
43%
past
43%
present
43%
space
43%
twice
43%
into
42%
pictures
42%
sending
42%
tense
42%
tongue
42%
wearing
42%
without
42%
holding
41%
mutual
40%
Sucking
40%
being
39%
Palm
39%
Springs
39%
told
39%
truth,
39%
turn
39%
doubts
38%
Least
37%
Tryna
37%
percent
36%
percent)
36%
seven
36%
minus
34%
wow,
34%
(Uh,
26%
uh
26%
shе
1%
No matching quizzes found
Score Distribution
Percent of People with Each Score
Percentile by Number Answered
Your Score History
You have not taken this quiz